00830nam a2200193 a 4500008004100000050001900041110003500060245014500095260004700240300001800287500001700305650002200322650002900344650002400373650002600397995007800423999001700501952011800518150917s2012 ||||||||||||||||| || u aIGC(08)WP/O426 aECIAfrica Consulting (Pty) Ltd10aPotential of Non-traditional exports in Zambia-growth, employment and distribution of wealth and income.cBy ECIAfrica Consulting (Pty) Ltd. aLondon:bInternational Growth Centrec2012 ax, 60p.: ill. aBibliography 0aCOMMERCIAL POLICY aWEALTH--ECONOMIC ASPECTS aINCOME DISTRIBUTION aFOREIGN TRADE--ZAMBIA FCBU-MAIN LIBRARY (Kitwe)M1UAVAILABLEWSep 17, 2015ZZambiana Collection c54081d54081 00102lcc4070a001b001cZambiana Collectiond2022-11-30l0oIGC(08)WP/O426pB2053r2022-11-30w2022-11-30y002